000 00955nam a2200217Ii 4500
003 JO-AjNU
008 230605s9999||||xx |||||||||||||| ||und||
017 _a2010/1185
020 _a978-9947-24-777-8
040 _aJO-AjNU
_bara
_erda
_cJO-AjNU
041 _aara
050 1 4 _aNK9273.7.A1.N37 2010
100 3 _aإعداد وتقديم ناصر، تانيا تمارى؛ تصميم وتطريز ماري جبجي تمارى,
_eauthor
_950569
245 0 0 _aطلع الرنجس والحنون: أزهار مطرزة من ربيع فلسطين
264 3 1 _aالقدس: وزارة الثقافة، 2010
300 _a60ص
_bصدر بدعم من وزارة الثقافة بمناسبة القدس عاصمة الثقافة العربية، 2009
336 _atext
_btxt
_2rdacontent
337 _aunmediated
_bn
_2rdamedia
338 _avolume
_bnc
_2rdacarrier
650 4 _aالفنون - مطرزات من ربيع فلسطين - فلسطين
_950570
999 _aA22284
_c25852
_d25852